000 00501nam a2200133Ia 4500
005 20260209120149.0
008 260209s9999||||xx |||||||||||||| ||und||
100 _aChushmith A J
245 0 _aExploring the free speech terrain of standup comedy
260 _aBangaloreBangalore
_bNLSIU, Bangalore
_c2023 - 2024
300 _a37 p. ; 25 cm.
700 _aProf. Dr. Arun K Thiruvengadam - SupervisorProf. Dr. Arun K Thiruvengadam - Supervisor
856 _uhttps://dans.nls.ac.in/handle/123456789/2096
999 _c217658
_d217658